Sports Quiz

Random Sports or NHL Quiz

Ex San Jose Sharks as Stanley Cup Champions Quiz Stats

 Plays Quiz not verified by Sporcle

Score 0/44 Timer 20:00
0 Plays Today
Hint Answer % Correct
Chicago Blackhawks (2010)Antti Niemi
75.9%
Tampa Bay Lightning (2004)Dan Boyle
68.5%
Anaheim Ducks (2007)Teemu Selanne
64.8%
Colorado Avalanche (2001)Rob Blake
63%
Chicago Blackhawks (2015)Andrew Desjardins
61.1%
Detroit Red Wings (2002, 1998, 1997)Igor Larionov
59.3%
Chicago Blackhawks (2013)Michal Handzus
53.7%
Pittsburgh Penguins (2009) New Jersey Devils (1995)Bill Guerin
53.7%
Chicago Blackhawks (2010)Brian Campbell
51.9%
Carolina Hurricanes (2006)Ray Whitney
51.9%
Colorado Avalanche (1996)Sandis Ozolinsh
50%
Chicago Blackhawks (2013)Ben Smith
44.4%
Dallas Stars (1999)Ed Belfour
44.4%
New Jersey Devils (2000, 1995) Colorado Avalanche (1996) Montreal Canadiens (1986)Claude Lemieux
42.6%
Detroit Red Wings (2008)Brad Stuart
40.7%
Colorado Avalanche (1996)Mike Ricci
40.7%
Anaheim Ducks (2007)Travis Moen
38.9%
Montreal Canadiens (1993)Vincent Damphousse
37%
New Jersey Devils (2003, 2000)Scott Gomez
35.2%
Detroit Red Wings (1997) Calgary Flames (1989)Mike Vernon
35.2%
Pittsburgh Penguins (2009)Tyler Kennedy
33.3%
Anaheim Ducks (2007)Kent Huskins
33.3%
Hint Answer % Correct
New Jersey Devils (2003, 2000)Colin White
33.3%
Pittsburgh Penguins (2016)Eric Fehr
33.3%
Chicago Blackhawks (2010)Ben Eager
31.5%
Detroit Red Wings (2008)Mikael Samuelsson
31.5%
Chicago Blackhawks (2010)Adam Burish
29.6%
Carolina Hurricanes (2006)Niclas Wallin
29.6%
New York Rangers (1994) Edmonton Oilers (1990)Adam Graves
29.6%
New York Rangers (1994)Stephane Matteau
29.6%
Chicago Blackhawks (2013)Jamal Mayers
29.5%
Tampa Bay Lightning (2004) Dallas Stars (1999)Brad Lukowich
27.8%
New Jersey Devils (2003)Jeff Friesen
27.8%
New Jersey Devils (1995)John Maclean
25.9%
New Jersey Devils (2000, 1995)Chris Terreri
20.4%
Pittsburgh Penguins (1992, 1991)Bob Errey
20.4%
Edmonton Oilers (1990)Dave Brown
20.4%
Edmonton Oilers (1990)Joe Murphy
18.5%
Colorado Avalanche (2001)Scott Parker
16.7%
Detroit Red Wings (1998, 1997)Bob Rouse
11.1%
Dallas Stars (1999)Tony Hrkac
9.3%
New Jersey Devils (2000)Ken Sutton
9.1%
Colorado Avalanche (2001)Ville Nieminen
7.4%
Montreal Canadiens (1993) (RIP)Todd Ewen
3.7%

You're not logged in!

Compare scores with friends on all Sporcle quizzes.
OR
Log In

Sporcle TV

Today on Sporcle TV


Watch our educational content, quiz creation guides, and fun videos on Sporcle TV.

Show Comments

Extras

Created Aug 7, 2016ReportNominate
Tags:NHL Quiz, San Jose Sharks

Top Quizzes Today


Score Distribution

Your Account Isn't Verified!

In order to create a playlist on Sporcle, you need to verify the email address you used during registration. Go to your Sporcle Settings to finish the process.

Report this User

Report this user for behavior that violates our Community Guidelines.

Details: